| 000 | 00369nam a2200145Ia 4500 | ||
|---|---|---|---|
| 005 | 20240821151730.0 | ||
| 008 | 240821s9999||||xx |||||||||||||| ||und|| | ||
| 082 | _a374 PEE | ||
| 100 | _aPeers, Robert | ||
| 245 | 0 | _aAdult Education: Comperative study | |
| 260 |
_aLondon _bRoutledge and Kegan Paul _c1958 |
||
| 300 | _a365p | ||
| 650 | _aAdult Education | ||
| 942 | _cBK | ||
| 999 |
_c42325 _d42325 |
||